000 00410cam a2200157ua 4500
041 _aeng
_h
082 _a828.09
_bWIL/RE
100 _awillianson, George .
245 _aReader`s Guide to T S Eliot A poem-By-Poem Analysis /
_cGeroge.
_hTextual Documents
250 _a2 /
_b.
260 _aLendon :
_bThaomes And Hudsan ,
_c1967.
300 _a270 ; .
504 _a
942 _cBK
999 _c2824
_d2824